[Event "Dieren op"]
[Site "Dieren"]
[Date "1998.07.29"]
[Round "8"]
[White "Mikhalevski, Victor"]
[Black "Bertholee, Rob"]
[Result "0-1"]
[WhiteElo "2540"]
[BlackElo "2355"]
[Annotator "Mikhalevski,V"]
[PlyCount "62"]
[EventDate "1998.08.??"]
[EventType "swiss"]
[EventRounds "9"]
[EventCountry "NED"]
[SourceTitle "CBM 066"]
[Source "ChessBase"]
[SourceDate "1998.09.30"]
[SourceVersion "1"]
[SourceVersionDate "1998.09.30"]
[SourceQuality "1"]

1. d4 Nf6 2. c4 a6 3. Nf3 e6 4. g3 b5 5. Nbd2 (5. Bg2 Bb7 (5... bxc4 6. Ne5 (6.
Qa4 c5 7. Ne5 Ra7 8. Bd2 {[%cal Gd2a5]} Bb7 9. O-O Bxg2 10. Kxg2 cxd4 11. Ba5
Qc8 12. Nd2 Qb7+ 13. Ndf3 Qb5 14. Qxc4 $142 $15 (14. b3 d5 15. Nxd4 Qxa4 16.
bxa4 Bd6 $19 {0-1 Nestorovic,D-Petronic,J/Belgrade op 1989 (23)})) 6... d5 7.
Nxc4 c5 8. O-O Nc6 9. dxc5 Bxc5 10. Bf4 (10. Be3 Bxe3 11. Nxe3 Rb8 12. Qa4 $142
(12. Nd2 O-O 13. Nb3 Na5 14. Nxa5 Qxa5 $15 {1/2-1/2 Donk,M-Wells,P/Antwerpen
op 1996 (28)})) 10... Bb7 11. Ne5 Nxe5 12. Bxe5 O-O 13. Nc3 Nd7 14. Bd4 Bd6 15.
Qb3 Bc6 16. e4 dxe4 17. Nxe4 Bd5 18. Qe3 Be5 19. Rfd1 Qb8 20. Nc5 Bxd4 21. Qxd4
Nxc5 22. Bxd5 exd5 23. Qxc5 Qxb2 24. Qxd5 {1/2-1/2 Ortega,L-Garcia Gonzales,G/
Capablanca mem-B 1985}) 6. O-O Be7 (6... c5 7. d5 exd5 8. Nh4 Ra7 9. cxd5 g6
10. a4 b4 11. e4 d6 12. Nd2 Nbd7 13. a5 Bg7 14. Nc4 Ne5 15. Qa4+ Kf8 16. Nxe5
dxe5 17. Be3 $18 {1/2-1/2 Dinckel,J-Lipp,R/Pinneberg op 1992 (50)}) 7. b3 O-O
8. Bb2 bxc4 9. bxc4 d6 10. Nc3 Nbd7 11. Qd3 $14 {1-0 Pekarek,A-Knezevic,M/
Prague 1983 (44)}) (5. cxb5 axb5 6. Bg2 Bb7 7. O-O Be7 (7... c5 8. Nbd2 Na6 9.
dxc5 Nxc5 10. Nb3 Bd5 11. Nfd4 Bxg2 12. Kxg2 Qb6 13. Kg1 Be7 14. Nxc5 Bxc5 $11
(14... Qxc5 15. Qd3 b4 16. Be3 $14 {0-1 Villavicencio,A-Vehi Bach,V/ESP-ch
1989 (37)})) 8. Bg5 (8. Nbd2 O-O 9. Qc2 Na6 10. e4 c5 11. dxc5 Nxc5 12. Nd4 Qb6
13. N4b3 Rfc8 $15 {0-1 Ilincic,Z-Petronic,J/JUG-chT 1992 (40)}) 8... d6 9. Qb3
Nbd7 10. Qxb5 Ba6 11. Qc6 Bxe2 12. Rc1 Rb8 13. b3 $142 $16 {[%csl Rc7]} (13.
Nc3 Rb6 14. Qa4 $14 {1-0 Adianto,U-Quinteros,M/Reykjavik op 1986 (43)})) (5. b3
c5 (5... Bb7 6. Bg2 bxc4 (6... Bb4+ 7. Bd2 Be7 8. O-O c5 9. d5 exd5 10. Nh4 g6
11. Bc3 d4 12. Bxb7 Ra7 13. Bg2 dxc3 14. Nxc3 b4 15. Nd5 Nxd5 16. Qxd5 $14 {
Novoselski,Z-Sturua,Z/Heraklio op 1993/0-1 (61)}) 7. bxc4 c5 8. d5 exd5 9. Nh4
Qa5+ 10. Bd2 Qc7 11. Qb3 d6 12. Nc3 Nbd7 13. Nxd5 Bxd5 14. Bxd5 (14. cxd5 $142)
14... Nxd5 15. cxd5 Be7 16. Nf5 Bf6 17. Qe3+ Kf8 18. Rb1 $14 {1-0 Van Esch,
B-Hoeksema,H/NLD-ch op 1992 (29)}) 6. Bg2 bxc4 7. bxc4 cxd4 8. Nbd2 Bb7 9. Rb1
Ra7 10. O-O Bc5 11. Nb3 Be4 12. Rb2 Ba3 13. Rd2 Bb4 14. Rxd4 Nc6 15. Bg5 Nxd4
16. Qxd4 Qa8 17. c5 a5 18. Bxf6 gxf6 19. Qxf6 Rf8 20. Rd1 $44 {0-1 Werther,
T-Efimov,I/Bozen op 1992 (27)}) 5... Bb7 (5... bxc4 6. Nxc4 Bb7 7. Bg2 Be7 8.
O-O O-O 9. Be3 (9. Bf4 Bd5 10. Rc1 Nc6 11. b3 a5 12. Ne3 Be4 13. Ne5 Bxg2 14.
Nxg2 Nb4 15. Qd2 Ne4 16. Qb2 Nd5 17. Qc2 f5 18. f3 Nef6 19. Bd2 c6 20. e4 fxe4
21. fxe4 Nb4 22. Qb1 Qb6 23. Be3 $14 {1-0 Shirov,A-Fedorowicz,J/Groningen 1990
(50)}) 9... Bd5 10. Rc1 Nc6 11. Nfe5 Bxg2 12. Kxg2 Nxe5 13. Nxe5 Nd5 14. Bd2 f5
15. e3 Rb8 16. b3 Bd6 17. Nc4 Bb4 18. Bxb4 Rxb4 19. Qe2 f4 20. gxf4 Rxf4 21.
Kh1 Rh4 22. Rg1 Qf6 23. Rg3 Qh6 24. f4 d6 25. Rcg1 g6 26. Nd2 Rh3 27. Ne4 e5
28. Ng5 Rh5 29. Qg2 {1-0 Rajkovic,D-Sokolov,I/Novi Sad 1986}) 6. Bg2 c5 7. dxc5
Bxc5 8. O-O O-O 9. b3 (9. a3 $5 bxc4 10. Nxc4 d5 $5 (10... a5 11. Bf4 $1 d5 12.
Nxa5 Qxa5 13. b4 Bxb4 14. axb4 Qxb4 15. Rb1 Qe7 16. Qb3 $1 {This is the move
that I have missed in my calculations.} Bc6 $5 (16... Ba6 17. Bxb8 Bxe2 18.
Rfe1 (18. Be5 $5 $14) 18... Bc4 19. Qb6 Rfxb8 20. Qxb8+ Rxb8 21. Rxb8+ Ne8 22.
Ne5 Ba2 23. Ra1 f6 24. Rxa2 fxe5 25. Raa8 Kf7 26. Rxe8 Qxe8 27. Rxe8 Kxe8 $16)
17. Bxb8 Rfxb8 18. Qxb8+ Rxb8 19. Rxb8+ Be8 $14) 11. Nce5 a5 12. b3 Nbd7 13.
Bb2 $11) 9... d5 10. cxd5 Bxd5 (10... Nxd5 11. Bb2 {[%cal Ga2a3,Ge2e4,Ga1c1] /
\a3 and then e4;/\Rc1}) 11. Bb2 Nbd7 12. Qb1 $1 {[%cal Ge2e4,Ge4e5,Gd2e4] /\e4}
e5 $1 (12... Qb6 13. b4 $1 Be7 14. e4 $14) 13. e3 $1 (13. Ng5 Bxg2 14. Kxg2 Bd4
$1 {[%csl Re2]}) 13... Qb8 $6 (13... Re8 $5) (13... h6 $5) 14. Nxe5 $1 Nxe5 15.
Bxd5 Nxd5 16. Qe4 Nxe3 $1 {[]} 17. Bxe5 (17. Rfc1 $2 Nd7 $1) 17... Qb6 $6 (
17... Qd8 $5 18. Rfc1 $1 Bb6 $1 (18... Qxd2 $6 19. Rxc5 Nd1 20. Rc2 (20. Qf3
Rad8) (20. Qd4 Qe1+ 21. Kg2 Rad8) 20... Nxf2 21. Qxh7+ (21. Qf5 $2 Nh3+ $1 22.
Kf1 Qd5 $1) 21... Kxh7 22. Rxd2 $14) 19. Rc6 $5 {leads to the very complicated
position.} (19. Nf3 Qd5 $1 (19... f5 20. Qc6 Ng4 $13) 20. Qxd5 (20. Qf4 f6 $1 {
[%csl Rf3][%cal Gg7g5]}) 20... Nxd5 21. Rc6 $14 {/=}) 19... f5 20. Qf3 (20. Qf4
$6 Qd5) 20... Ng4 (20... Qxd2 $2 21. Rxb6 $16) 21. Bd6 Bxf2+ 22. Kg2 $13 {
[%csl Rf2][%cal Gh2h3]} (22. Kh1)) (17... Qa7 $5 18. Rfc1 Rae8 (18... Rad8 $5
19. Nf3 (19. Bxg7 $2 Rfe8 (19... Kxg7 $5 20. Qe5+ f6 21. Qxc5 Qxc5 22. Rxc5
Rxd2 23. fxe3 Re8 24. Rf1 $11) 20. Qc6 Rc8 21. Qf6 Re6 22. Qg5 Rg6 23. Rxc5 $5
Kxg7 $1 (23... Rxg5 $2 24. Rxg5 f6 25. Bxf6+ $16) 24. Qxg6+ hxg6 25. Rxc8 Qb7
$1 26. fxe3 Qxc8 $17) (19. b4 Bb6 (19... f5 20. Qf3 Bb6)) 19... Nd5 (19... f6
$2 20. Rxc5 $1 Qxc5 21. Bd4 $1 Rxd4 22. Nxd4 {[%cal Gd4e6]}) 20. Qc2 $11 (20.
Ng5 $2 Bxf2+ 21. Kf1 f5 22. Qh4 h6 (22... Ne3+ $2 23. Ke2) 23. Ne6 Rde8 $1))
19. Nf3 (19. b4 $2 Bb6 20. Nf3 Nc4) 19... f6 (19... f5 $2 20. Qc6 Bb6 21. fxe3
$16) 20. Qc6 $1 fxe5 21. Rxc5 Qf7 22. fxe3 (22. Re1 $140 $2 Rc8 $1) 22... Qxf3
23. Qxf3 Rxf3 24. Re1 $11) 18. fxe3 $4 {Unfortunately great idea has come to
my mind and I belived it.} (18. Rfc1 $1 {After this move Black has to play
very carefully to escape.} f5 $1 (18... Rad8 $2 19. b4 $1 Nc4 $1 {[]} (19...
Bxb4 20. Qxb4 $18) (19... Be7 20. Bc7 $18) 20. bxc5 Nxd2 21. cxb6 Nxe4 22. b7
$16) 19. Qf3 Rfe8 $5 (19... Rae8 $4 20. Bf4 $18 Ng4 $140 21. Qd5+) (19... Rad8
$2 20. b4 $3 Bxb4 21. Rc6 $1 Qb7 (21... Qa5 22. Nb3 $18) 22. Rc7 $1 $18 Qxf3
$140 23. Rxg7+ Kh8 24. Rg6+) (19... Rfd8 $6 20. b4 $1 (20. fxe3 $2 Bxe3+ 21.
Kh1 Bxd2 22. Rc7 Ra7) 20... Bxb4 21. Bc7 $1 (21. Nb3 Nc4 $1) (21. Rc6 Qb7 22.
Rc7 $1 Qxf3 23. Nxf3 (23. Rxg7+ Kf8 24. Nxf3 Ng4 $1) 23... Ng4 $1 24. Rxg7+ Kf8
25. Ng5 $1 (25. Rxh7 Nxe5 26. Nxe5 Bc3 27. Rh8+ Kg7 28. Rxd8 Rxd8 29. Nc6 Rd6
30. Ne7 Kf6 31. Rc1 b4 32. Nc8 Rc6 $19) 25... Nxe5 26. Ne6+ Ke8 27. Nc7+ (27.
Rxh7 $13 {[%cal Ge6d8,Ge6c7]}) 27... Kf8 28. Ne6+ $11) 21... Qf6 22. Nb3 $5 Nc4
23. Bxd8 Rxd8 24. Rd1 $1 $16) 20. Bf4 $1 (20. fxe3 Rad8 (20... Bxe3+ 21. Kh1
Bxd2 22. Rc7 $1 Bh6 $8 23. Qxf5 {[%cal Gf5f7]} Qe6 $11)) 20... Rad8 $8 21. b4
$1 Bxb4 (21... Bd4 22. Bc7 Qh6 23. Rc6 Qh3 24. Bxd8 Bxa1 25. fxe3 Rxd8 26. Rxa6
$16 {[%cal Ga6a8]} Rxd2 $140 $4 27. Qa8+ Kf7 28. Qb7+ Ke8 29. Re6+ Kd8 30. Qe7+
Kc8 31. Rc6+ Kb8 32. Qc7+ Ka8 33. Ra6#) 22. Bc7 Qa7 (22... Qd4 23. Nb3 $16) 23.
Bxd8 Bxd2 24. Rc8 (24. Bg5 Bxc1 25. Rxc1 Nc4 26. Qxf5 $11) 24... Qd7 $1 (24...
Qd4 25. Bf6 $1 Qxa1+ (25... Qxf6 26. Rxe8+ Kf7 27. Rd1 $1 Nxd1 28. Rc8 $3 $18)
26. Bxa1 Rxc8 27. fxe3 Rc1+ 28. Kg2 Rxa1 29. Qd5+) 25. Ra8 Bc3 26. Rc1 $1 Qd2
27. Qxe3 $1 Rxe3 28. Bg5+ Kf7 29. Bxe3 Qe2 30. Ra7+ $14) 18... Bxe3+ 19. Kg2
Bxd2 20. Rf5 {Sad necessity.Here I understood that I was wrong.} (20. Rxf7 $2 {
was my idea when I played 18.fe} Kxf7 (20... Rxf7 $4 21. Qxa8+ Rf8 22. Qd5+ $18
) 21. Rf1+ (21. Qd5+ Qe6 22. Rf1+ (22. Qb7+ Kg6 $142 (22... Qe7 23. Qd5+ Kg6 (
23... Qe6 $5) 24. Qe4+ Rf5 25. g4 Raf8 26. gxf5+ Rxf5 27. Rd1 Qxe5 28. Qxe5
Rxe5 29. Rxd2 $17) 23. Qxg7+ Kh5 24. Qxh7+ Bh6 $19) 22... Ke7 23. Qc5+ Kd7 24.
Qc7+ Ke8 25. Rxf8+ (25. Qb7 Rc8) 25... Kxf8 26. Qxg7+ Ke8 27. Qh8+ Kd7 28. Qxa8
Qxe5 $19) 21... Kg8 22. Qd5+ Kh8 23. Rf7 $3 {Too beautiful to be good.I have
completely overlooked} Bh6 $1 $19 {and Black wins.} (23... Rxf7 $4 24. Qxa8+) (
23... Qg6 24. Rxg7 Qxg7 25. Bxg7+ Kxg7 26. Qxd2 $14 {[%csl Rg7]})) 20... Rac8
21. Rd1 $1 Bc3 $6 (21... Rfd8 $142) 22. Rd6 $1 Qc5 $1 {[]} (22... Qa5 $4 23.
Rh5 $1 $18 f5 (23... g6 24. Rxh7 $1 Qxa2+ (24... Kxh7 25. Qh4+ Kg8 26. Qh8#)
25. Kh3 Bxe5 26. Rxg6+ $3 Kxh7 27. Rg5+ f5 28. Qh4#) 24. Qd5+ Rf7 (24... Kh8
25. Rdh6 $1) 25. Rxf5 Qc7 26. Bxc3) (22... Qa7 $2 23. Rh5 f5 $8 (23... g6 24.
Rxh7 $1 Bxe5 25. Rxg6+ $3 fxg6 (25... Kxh7 26. Rg5+ f5 27. Qh4#) 26. Rxa7 $18)
24. Qd5+ Qf7 25. Qxf7+ Rxf7 26. Bxc3 Rxc3 27. Rd8+ Rf8 28. Rxf8+ Kxf8 29. Rxf5+
$11) 23. Rxa6 (23. Rh5 $2 f5) 23... g6 24. Rg5 {[%cal Ga6g6]} Bxe5 $1 (24...
Rfe8 25. Bf6 $3 (25. Rgxg6+ hxg6 26. Rxg6+ Kf8 $19) 25... Qc7 $15) (24... f5 $4
25. Raxg6+ $1 hxg6 26. Rxg6+ Kf7 (26... Kh7 27. Rg7+ Kh8 28. Qh4#) 27. Qb7+ $3
Ke8 (27... Kxg6 28. Qg7+ Kh5 29. Qh7+ Kg5 30. h4+ Kg4 31. Qg6#) 28. Re6+ Kd8
29. Rd6+ Qxd6 30. Bxd6 Re8 31. Qxb5 $18) 25. Rxe5 Qc1 $1 26. Qf3 $2 {Final
mistake in a time-trouble.} (26. Rf6 $1 $15 {[%cal Gf6f2] was the only defence.
}) 26... Rc2+ 27. Re2 Rd8 $1 $19 28. Ra7 (28. Kh3 Qh6+ (28... Rxe2 29. Qxe2
Qc8+ $19) 29. Kg2 Rxe2+ 30. Qxe2 Rd2 $19) 28... Rxe2+ 29. Qxe2 Rd2 30. Re7 Qc6+
31. Kf1 Qh1+ 0-1

[Event "ISR-chT 08"]
[Site "Israel"]
[Date "2008.01.04"]
[Round "2.2"]
[White "Mikhalevski, Victor"]
[Black "Tseitlin, Mark D"]
[Result "1-0"]
[WhiteElo "2632"]
[BlackElo "2502"]
[Annotator "Mikhalevski,V"]
[PlyCount "107"]
[EventDate "2007.12.26"]
[EventType "team-tourn"]
[EventRounds "11"]
[EventCountry "ISR"]
[SourceTitle "CBM 122"]
[Source "ChessBase"]
[SourceDate "2008.01.30"]
[SourceVersion "1"]
[SourceVersionDate "2008.01.30"]
[SourceQuality "1"]
[WhiteTeam "Rishon Le Zion Feldklein"]
[BlackTeam "Beer Sheva"]
[WhiteTeamCountry "ISR"]
[BlackTeamCountry "ISR"]

1. d4 Nf6 2. c4 e6 {A big surprise from Mark Tseitlin. I have played a lot of
games against him and in all of them he went for his beloved Grünfeld.} 3. Nf3
c5 {Faithful to his style Mark goes for complications.} 4. d5 b5 {He had
definitely prepared the Blumenfeld system as his next moves were executed very
quickly.} 5. Bg5 Qa5+ 6. Nc3 {This move doesn't promise much as White will
have to exchange his dark-squared bishop while Black has no problems to finish
development.} (6. Qd2 {is the main line.} Qxd2+ (6... b4 7. Bxf6 gxf6 8. e4 d6
9. Bd3 {1-0 Kozul,Z (2585)-Kogan,A (2507)/Ljubljana 1999/EXT 2000 (44) is at
least a better version of the current game.}) 7. Nbxd2 exd5 {0-1 Dautov,R 
(2625)-Lobron,E (2540)/Bad Homburg 1998/CBM 066/[Dautov] (60)} (7... bxc4 $5))
6... Ne4 7. Bd2 ({I also considered} 7. cxb5 $5 {, but for some reason it
looked wrong during the game. Now it looks playable.} a6 $5 {trying to get a
good version of the Benko is probably the way to deal with it.} (7... Nxc3 8.
bxc3 Qxc3+ 9. Bd2 Qc4 10. dxe6 Qxe6 11. Bc3 $16 {is better for White.}) (7...
Nxg5 8. Nxg5 Be7 9. Nge4 Bb7 10. d6 Bxe4 11. dxe7 d5 12. Qd2 $14 {is also in
White's favour.}) 8. dxe6 fxe6 9. Qa4 Qxa4 10. Nxa4 Bb7 $13 {and despite
White's extra pawn the position remains unclear.}) 7... Nxd2 8. Qxd2 b4 9. Ne4
(9. Nd1 {[%cal Ge2e4,Gd1e3,Gg2g3] was probably more flexible as it would allow
the best setup with the bishop on g2 and the knight on e3.}) 9... Be7 10. Ng3 {
After this move Black solves his opening problems easily.} ({In order to
justify previous play I had to dare to play} 10. g4 $5 {[%cal Gg4g5,Gf1g2] ,
which both prevents f5 securing the position of the knight on e4 and prepares
Bg2.} Bb7 11. Bg2 {with an interesting original position.}) (10. e3 Bb7 11. Be2
O-O 12. O-O Qb6 13. Ng3 d6 14. e4 e5 15. Nf5 {1/2-1/2 Kharitonov,A (2570)
-Rogers,I (2605)/Salamanca 1998/EXT 1999}) 10... O-O 11. e4 d6 12. Bd3 e5 13.
O-O ({The only preceding game saw} 13. Nf5 $5 {, but I wasn't sure I wanted to
exchange the passive dark-squared bishop after Black protects it with} Qd8 {
[%cal Gg7g6] and then attacks the knight by means of g6.} 14. O-O-O $5 Bxf5 (
14... a5 $5 15. h4 a4 16. g4 b3 17. a3 Nd7 {[%cal Gd7b6]}) 15. exf5 e4 16. Bxe4
Nd7 17. Kb1 Bf6 18. g4 Re8 19. Bd3 Ne5 20. Nxe5 Bxe5 $44 {0-1 Latzke,B (2224)
-Izeta Txabarri,F (2516)/Benasque 1999/EXT 2001 (53)}) 13... Qd8 14. a3 $1 Bg4
$5 {This move came as a surprise. Black offers an interesting pawn sacrifice.}
({My idea was to meet} 14... a5 $6 {with} 15. axb4 cxb4 16. c5 $1 $16) 15. axb4
Bxf3 (15... cxb4 $5 {This was more practical. Now after} 16. Qxb4 a5 17. Qc3
Bxf3 18. gxf3 Nd7 {Black gets a position he was aiming for, though White still
looks better after} 19. Ra3 $14 {[%cal Gf1a1]}) 16. bxc5 $5 {[%cal Gc5c6] This
piece sacrifice for two pawns promises White easy play.} ({After} 16. gxf3 {
Black would choose between} Bg5 ({and} 16... cxb4 17. Qxb4 {transposing to 15..
.cxb4.}) 17. Qc2 $5 (17. Qc3 cxb4 18. Qxb4 a5 19. Qa3 Bd2 $44) 17... cxb4 18.
c5 dxc5 19. Qxc5 $14) 16... Bg4 (16... Bg5 $6 17. Qc3 Bxg2 18. Kxg2 dxc5 19.
Qxe5 $16 {is bad for Black as White gets a strong pawn centre.}) (16... dxc5
17. gxf3 $16 {is also hardly sufficient.}) 17. c6 Qb6 $1 (17... Bc8 $5 {
preparing Na6-c7 looked too artificial.}) 18. b4 ({The immediate} 18. c5 {
was premature.} dxc5 (18... Qxc5 19. Rfc1 Qb6 20. h3 Bc8 21. c7 Bh4 {is also
not entirely clear.}) 19. Qc3 $44 {with a double-edged position.}) 18... Nxc6
$6 {An understandable decision, which however leads to White's advantage.} ({
After} 18... Na6 19. Rab1 (19. Rfb1 $5) 19... Qd4 $1 ({After} 19... Nc7 20.
Rfc1 $36 {[%cal Gc4c5] White threatens c5.}) 20. h3 Bh4 21. hxg4 Bxg3 22. Qe3
Qxe3 23. fxe3 $13 {White retains good compensation for a piece. Nevertheless
it was better than the game.}) 19. dxc6 Qxc6 20. b5 $5 {[%csl Ra7,Rd4] Though
the move has a serious drawback - it weakens dark squares - I believed it made
sense as I wanted to exchange the light-squared bishops with full control over
the position.} (20. Nf5 $5 {deserved attention. However I wasn't sure that
White is better after} Bxf5 21. exf5 e4 {If the bishop gets to e4 White will
have a clear edge.} 22. b5 $1 {The move, which I missed is} Qb7 23. Bc2 $14 {
and White is better after all.}) 20... Qc5 21. Ra6 $1 {[%cal Ga6c6,Gd3e2]
Blocking the a-pawn and preparing Rc6.} Bd8 {It looks very logical to bring
the bishop to b6 from where it both protects the weakness on a7 and creates
pressure on f2.} (21... g6 $5) 22. Rc6 $1 Qa3 (22... Qd4 $5 {was a better
defence, although after} 23. Qc2 Rc8 24. Nf5 Bxf5 25. exf5 Rxc6 26. bxc6 Bb6
27. Be4 $16 {White is better.}) 23. Be2 $1 {Forcing Black to either exchange
the light-squared bishop or sacrifice the d-pawn.} Bxe2 24. Qxe2 $16 {White
has obtained a clear advantage thanks to a superior knight and weaknesses on
d6 and d5.} (24. Nxe2 $5 {[%csl Rd6] also deserved attention as it creates an
immediate threat to the d-pawn.}) 24... Bb6 25. Nf5 g6 $1 {Starting from this
point Tseitlin defends like a lion.} ({In the event of} 25... Bc5 26. Qc2 {
[%csl Ra3][%cal Gc6a6] the threat of Ra6 is very annoying.}) 26. Nxd6 Rad8 27.
c5 {Staking all on the c-pawn. Here I was already starting to experience
time-trouble.} (27. Qf3 $1 {I had completely missed this defence.} Qxf3 28.
gxf3 Rd7 29. Ra1 $1 $16 {[%cal Ga1a6,Gc4c5]}) 27... Bxc5 28. Nb7 Rc8 29. Qg4 {
[%cal Gg4d7]} (29. Qc4 $5 {looked more natural, but I wanted the queen on d7.}
Rxc6 30. bxc6 Bb6 31. g3 $14 {and though White is better I'm not sure it's
possible to win.}) 29... Rxc6 30. bxc6 Bb6 (30... Qc3 31. Qd7 a5 {was more
precise since} 32. c7 $2 {is bad in view of} Bb6 $17 {and White loses a pawn.})
31. Qd7 Qb3 $1 {[%cal Gb3e6] A strong defensive move. Here I realised that 32.
c7 is impossible and 32...Qe6 is threatening.} 32. Qd5 {Stoping Qe6.} (32. g3
$5) (32. c7 $2 Qc2 $1) 32... Qc3 33. Nd6 {It's time to improve position of my
pieces.} a5 $1 {Black also has his trumps.} 34. Nb5 {Being short on time I
decided to repeat the position to gain some time on the clock and only then to
consider Nc4.} ({The immediate} 34. Nc4 $1 Bc7 35. Ne3 Rd8 36. Qb5 {[%cal
Ge3d5]} Rb8 37. Qa6 $16 {promised better chances thanks to the strong c-pawn.})
34... Qc2 35. Na3 Bxf2+ $1 {Though I checked for this sacrifice on each move
this time I simply blundered.} ({I expected only} 35... Qc3 {which I would
probably have met with 36.Nc4 - see 34.Nc4.}) 36. Rxf2 Qc1+ 37. Rf1 Qxa3 38.
Qxe5 {Now the position is equal, but Black still needs to make a few accurate
moves as White's c-pawn is more dangerous than Black's a-pawn.} a4 (38... Qe3+
$5 39. Kh1 a4 $11 {was more precise.}) 39. h4 {[%cal Gg1h2,Gh4h5,Gh5h6]
Freeing the rook from the defence of the last rank and preparing h5-h6, which
is in fact just a fiction.} h5 $2 {The decisive mistake. Tempi play a decisive
role here.} ({After the correct} 39... Qe3+ 40. Kh2 a3 41. h5 a2 42. c7 Qd2 43.
Qe7 Qc3 44. h6 a1=Q 45. Rxa1 Qxa1 46. Qxf8+ Kxf8 47. c8=Q+ Ke7 $11 {the
position is a dead draw.}) 40. c7 $18 {[%cal Gd1d8,Gf1b1,Gb1b8,Gf1d1] Thanks
to the inclusion of the moves h4 and h5 White can bring his rook to the eighth
rank without worrying about the king.} Qe3+ 41. Kh2 Qe2 42. Rb1 Qf2 43. Qe7 $1
{[%cal Ge7f8]} Qf4+ (43... Rc8 {loses to} 44. Qd8+ $18) 44. Kg1 {Provoking Qe3.
} ({There was also nothing wrong with} 44. Kh1 $18) 44... Qe3+ 45. Kh1 Qc3 46.
Qxf8+ ({The cold-blooded} 46. Kh2 $5 {was more precise, but I saw that I could
win the rook and went for it.}) 46... Kxf8 47. Rb8+ Kg7 48. c8=Q Qe1+ 49. Kh2
Qxh4+ 50. Qh3 Qxe4 ({or} 50... Qf4+ 51. Qg3 $18) 51. Qc3+ {Preparing an
exchange of queens.} f6 52. Qc7+ Kh6 53. Rh8+ Kg5 54. Qg3+ {and Black resigned,
not waiting for 55.Qf3.} 1-0

[Event "POL-ch 62nd"]
[Site "Poznan"]
[Date "2005.04.27"]
[Round "7"]
[White "Grabarczyk, Miroslaw"]
[Black "Wojtaszek, Radoslaw"]
[Result "1/2-1/2"]
[WhiteElo "2487"]
[BlackElo "2569"]
[Annotator "Mueller,Karsten"]
[PlyCount "183"]
[EventDate "2005.04.21"]
[EventType "tourn"]
[EventRounds "13"]
[EventCountry "POL"]
[EventCategory "12"]
[SourceTitle "CBM 107"]
[Source "ChessBase"]
[SourceDate "2005.08.01"]
[SourceVersion "1"]
[SourceVersionDate "2005.08.01"]
[SourceQuality "1"]

1. d4 Nf6 2. c4 e6 3. Nf3 c5 4. d5 b5 5. dxe6 fxe6 6. cxb5 Bb7 7. g3 Be7 8. Bg2
O-O 9. O-O a6 10. Nc3 Nd5 11. Nxd5 Bxd5 12. bxa6 Rxa6 13. Ne5 Bxg2 14. Kxg2 d5
15. b3 Bf6 16. Bb2 Qd6 17. Nd3 Bxb2 18. Nxb2 Nd7 19. Qc2 Nf6 20. a3 e5 21. Nd3
Rc6 22. Rac1 Ng4 23. Qd2 e4 24. f3 Nf6 25. Nf2 Qe6 26. Qc2 exf3+ 27. exf3 c4
28. bxc4 dxc4 29. Ne4 Nd5 30. Rfe1 Qg6 31. Nf2 Qxc2 32. Rxc2 Ra8 {Sein starker
c-Freibauer sichert Schwarz das Remis:} 33. Rd2 Nb6 34. Ne4 c3 35. Ra2 Nd5 36.
Rc1 c2 (36... Rb8 $5) 37. Kf1 (37. Kf2 $2 Nb4 38. axb4 Rxa2 $17) (37. Kg1 {
bot bessere praktische Chancen, weil die Springer nun auf dem Brett bleiben:}
Nb4 38. Rb2 Nd3 39. Rbxc2 Rxc2 40. Rxc2 Rxa3 $14) 37... Ne3+ (37... Rh6 38. Nf2
Rf6 39. f4 Rd6 40. a4 Rda6 41. Nd3 Rxa4 42. Rxa4 Rxa4 43. Ke2 $14) 38. Kf2 Nd1+
39. Ke2 Rac8 (39... Nc3+ 40. Nxc3 Rxc3 {führt direkt in das Remisendspiel mit
drei gegen zwei Bauern an einem Flügel.}) 40. a4 Nc3+ 41. Nxc3 Rxc3 42. Kd2
R3c4 $1 {[%mdl 256]} (42... Rxf3 $2 43. Rcxc2 $18) 43. Rcxc2 Rd4+ $1 44. Ke3 (
44. Kc1 Ra8 45. a5 Rd5 46. a6 Rd6 47. a7 Rd7 $11) 44... Rxc2 45. Rxc2 Rxa4 46.
Rc5 Kf7 47. g4 h6 48. h4 Kf6 49. h5 Rb4 50. Rd5 Ra4 51. Rd4 Ra3+ 52. Ke4 Ra6
53. Kf4 Rb6 54. Ra4 Rc6 55. Ra5 Rc4+ 56. Kg3 Rc6 57. Rf5+ Ke6 58. Rf8 Ke7 59.
Rf4 Ke6 60. Kh4 Rc5 61. Rf8 Ke7 62. Ra8 Kf6 63. Ra6+ Kf7 64. Ra4 Kf6 65. f4 Rc6
66. Ra3 Rb6 67. Kg3 Kf7 68. Kf3 Kf6 69. Rc3 Rb4 70. Rc6+ Kf7 71. Ke3 Ke7 72.
Rc7+ Kf6 73. Rd7 Rb3+ 74. Ke4 Rb6 75. Rd4 Re6+ 76. Kf3 Ra6 77. Rd3 Ra4 78. Kg3
Rb4 79. Rc3 Ra4 80. Rc6+ Kf7 81. g5 hxg5 82. fxg5 Ra3+ 83. Kg4 Ra4+ 84. Kf5
Ra5+ 85. Kf4 Ra4+ 86. Kf3 Ra3+ 87. Ke4 Ra4+ 88. Kd5 Ra5+ 89. Rc5 Rxc5+ 90. Kxc5
Ke6 91. h6 gxh6 92. gxh6 1/2-1/2